World Cup 2022 Top Goal Scorers - Statistics

General Stats
  • This quiz has been taken 44 times
  • The average score is 9 of 11
Answer Stats
Hint Answer % Correct
France (8 Goals) Mbappe
100%
Argentina ( 7 Goals) Messi
100%
France ( 4 Goals) Giroud
87%
Brazil ( 3 Goals) Richarlison
87%
Argentina ( 4 Goals) Alvarez
77%
England ( 3 Goals) Saka
74%
Ecuador ( 3 Goals) Valencia
72%
England ( 3 Goals) Rashford
69%
Netherlands ( 3 Goals) Gakpo
67%
Spain ( 3 Goals) Morata
67%
Portugal ( 3 Goals) Ramos
64%
No matching quizzes found
Score Distribution
Percent of People with Each Score
Percentile by Number Answered
Your Score History
You have not taken this quiz